Demand Factors Analysis of the Pharmaceuitical Products Consumption In Slovakia
Analýza zameraná na slovenský trh s farmaceutickými výrobkami, najmä na faktory ovplyvňujúce dopyt a spotrebu predpísaných a nepredpísaných liekov a ich vývoj počas zvoleného obdobia v r. 1995 - 2016. Zistenie, že spotreba liekov priamo alebo nepriamo závisí od priemernej ceny za balenie.
Uložené v:
| Hlavný autor: | |
|---|---|
| Ďalší autori: | |
| Médium: | Kapitola |
| Jazyk: | English |
| Predmet: | |
| Tagy: |
Žiadne tagy, Buďte prvý, kto otaguje tento záznam!
|
MARC
| LEADER | 00000nla a2200000 4500 | ||
|---|---|---|---|
| 001 | 0243088 | ||
| 005 | 20240524070954.4 | ||
| 041 | 0 | |a eng | |
| 044 | |a SK | ||
| 245 | 1 | 0 | |a Demand Factors Analysis of the Pharmaceuitical Products Consumption In Slovakia |
| 520 | |a Analýza zameraná na slovenský trh s farmaceutickými výrobkami, najmä na faktory ovplyvňujúce dopyt a spotrebu predpísaných a nepredpísaných liekov a ich vývoj počas zvoleného obdobia v r. 1995 - 2016. Zistenie, že spotreba liekov priamo alebo nepriamo závisí od priemernej ceny za balenie. | ||
| 610 | 2 | 0 | |a medicína |
| 610 | 2 | 0 | |a farmakológia |
| 610 | 2 | 0 | |a priemysel farmaceutický |
| 610 | 2 | 0 | |a dopyt spotrebiteľský |
| 610 | 2 | 0 | |a dopyt trhový |
| 610 | 2 | 0 | |a spotreba |
| 610 | 2 | 0 | |a vývoj |
| 100 | 1 | |a Kintler, Jakub, 1979- | |
| 700 | 1 | |a Grisáková, Nora, 1978- | |